03799nam a2200457 a 4500003000500000005001700005007000300022008004100025020002200066040001700088082003000105100004800135245014200183264006100325300007200386336002700458337002700485338002800512500001800540505143600558520063901994534002302633650002502656650003702681650003202718650004302750650004802793650003502841650002802876650004302904650003302947650002002980700004503000700005503045942000803100942000803108942000803116942001003124999001903134952018803153CHAP20250522094349.0ta231031s2016 sp ao||fr|||| 001 0 spa d a978-84-16315-89-5 aZcCHAPerda00220a636.2089079bF37 20161 9188215aFariñas Guerrero, Fernandoeautor00aInmunología y enfermedades infecciosas en vacuno/cFernando Fariñas Guerrero, José Pedreira García, Fco. Javier Diéguez Casalta 1aZaragoza, España:bGrupo Asis Biomedia. Servet, c2016 axiii, 147 páginas: bilustraciones a color, tablas, fotografías 2rdacontentatextobtxt 2rdamediaasin mediobn 2rdacarrieravolumenbnc aej.1: consumo g1. Inmunología. 1. Órganos y tejido linfoides.-- 2. Células del sistema inmunitario.-- . Moléculas del sistema inmunitario.-- 4. Inmunidad innata.-- 5. Inmunidad adaptativa.-- 6. Factores que condicionan las respuestas inmunitarias.-- 7. Inmunidad frente a virus.-- 8. Inmunidad frente a bacterias.-- 9. Inmunidad frente a parásitos.-- 10. Inmunidad frente a hongos.-- 11. Inmunología e inmunopatología respiratoria.-- 12. Inmunología e inmunopatología digestiva.-- 13. Inmunología e inmunopatología mamaria.-- 14. Inmunología fetal y neonatal.-- 15. Inmunidad calostral.-- 16. Transferencia de inmunidad materna.-- 17. Fallos vacunales.-- 18. Inmunodeficiencias bovinas.-- 19. Hipersensibilidad inmunológica en bovino.-- 2. Principales enfermedades infecciosas. 20. Tuberculosis bovina.-- 21. Brucelosis bovina.-- 22. Diarrea vírica bovina (BVD).-- 23. Rinotraqueítis infecciosa bovina (IBR) vulvovaginitis postural infecciosa (IPV).-- 24. Paratuberculosis bovina.-- 25 Enfermedad respiratoria bovina (ERB).-- 26. Diarreas neonatales.-- 27. Enfermedades clostridiales.-- 28. Mastitis bovina.-- 29. Fiebre aftosa.-- 30. Lengua azul.-- 31. Enfermedad de Schmallenberg.-- 32. Fiebre Q.-- 33. Leptospirosis bovina.-- 34. Campilobacteriosis genital bovina.-- 35. Dermatofitosis.-- 3. Vscunación. 36. Vacunación e interferencia en el diagnóstico.-- 37. Recomendaciones para la vacunación en bovino. aEsta innovadora obra presenta los aspectos fundamentales sobre la inmunología básica y las enfermedades infecciosas más importantes de la especie bovina de una menara ilustrada y didáctica. Cuenta con una primera parte de inmunología. que incluye láminas que explican el funcionamiento del sistema inmunitario de los bóvidos así como diferentes aspectos sobre la respuesta inmunitaria. Asimismo, la segunda parte del libro trata sobre las principales enfermedades infecciosas susceptibles de un programa vacunal y en la última parte se abordan diferentes aspectos generales sobre la vacunación y el diagnóstico.  pTítulo original:13945425aGanado vacuno10aInmunología veterinaria958821139188221aSistema inmunitario139142716aEnfermedades del ganado vacuno17936936aEnfermedades infecciosas en animales179115475aTuberculosis en ganado139188218aMastitis bovina139188219aEnfermedad respiratoria bovina139188220aDiarrea viral bovina179117179aVacunas1 9188216aPedreira García, Joséeautor1 9188217aDiéguez Casalta, Francisco Javiereautor 2ddc 2ddc 2ddc cLIBRO c219342d219342 00102ddc4051708GRALaZbZd2021-12-13eCompra por licitación Factura n. 237g2437.00iConsumol0o636.2089079 F37 2016p5102007394r2023-10-31 00:00:00tEj.1w2023-10-31yLIBRO